000 00540nam a22002057a 4500
003 koha_MIRAKIL
005 20231213100052.0
008 231213b |||||||| |||| 00| 0 ||| d
020 _b978-1-44240168-6 (trade)
040 _aTR-IsEVY
_btur
_cTR-IsEVY
082 _a420 PER/G
100 _aPerl, Erica S.,
245 0 _aGoatilocks and the three bears
250 _aFirst edition.
260 _bBeach Lane Books,
_c2014
300 _a32 unnumbered pages
650 _aBears -- Folklore.
650 _aFolklore.
942 _2ddc
_cBK
999 _c14006
_d14006